| 000 | 00647nam a2200217 a 4500 | ||
|---|---|---|---|
| 005 | 20240831063759.0 | ||
| 008 | 140626s2010 mx r 000 0 spa d | ||
| 020 | _a9788493790226 | ||
| 035 | _aUPN01000198387 | ||
| 049 | _aI | ||
| 050 | 4 |
_aPZ76.3 _bB3.34 |
|
| 100 | 1 |
_aBalzola Elorza, Asun, _d1942-2006 _930383 |
|
| 245 | 1 | 0 |
_aHistoria de un erizo / _cAsun Balzola. |
| 260 |
_aValladolid, Esp. : _bEl Jinete Azul, _c2010. |
||
| 300 |
_a[22] p. : _bprincipalmente il. col. |
||
| 650 | 0 |
_aAnimales _vCuentos y leyendas _9234 |
|
| 650 | 4 |
_aCuentos infantiles espaƱoles _97725 |
|
| 905 | _aInfantil | ||
| 999 |
_c170488 _d170488 |
||